000 00669 a2200277 4500
260 _aParis
630 _a51 - Mathematiques
650 _a5 - SCIENCES EXACTES ET NATURELLES
100 _aRivaud, Jacques
260 _bVuibert
300 _a228p.
245 _aExercices d'analyse à l'usage des candidats aux grandes écoles(programmes A,B,C), aux écoles normales supérieures..... Tome2
650 _aAnalyse
650 _aExercices
650 _aFonctions
260 _c1966
300 _b24cm
100 _lFr
037 _a4169
037 _a4163
037 _a4166
037 _aS4966
250 _a4è éd.
999 _c33427
_d33427